<?xml version="1.0" encoding="UTF-8"?>
<record
    xmlns:xsi="http://www.w3.org/2001/XMLSchema-instance"
    xsi:schemaLocation="http://www.loc.gov/MARC21/slim http://www.loc.gov/standards/marcxml/schema/MARC21slim.xsd"
    xmlns="http://www.loc.gov/MARC21/slim">

  <leader>00611nam a2200229 a 4500</leader>
  <controlfield tag="005">20140310183443.0</controlfield>
  <controlfield tag="008">080729s19uu    xx            00    eng d</controlfield>
  <datafield tag="020" ind1=" " ind2=" ">
    <subfield code="a">9780071263337</subfield>
  </datafield>
  <datafield tag="050" ind1=" " ind2=" ">
    <subfield code="a">HD 30.4</subfield>
    <subfield code="b">.C776 2008</subfield>
  </datafield>
  <datafield tag="100" ind1=" " ind2=" ">
    <subfield code="a">Cooper, Donald R.</subfield>
  </datafield>
  <datafield tag="245" ind1=" " ind2=" ">
    <subfield code="a">Business research methods /</subfield>
    <subfield code="c">Donald R. Cooper</subfield>
  </datafield>
  <datafield tag="250" ind1=" " ind2=" ">
    <subfield code="a">10th ed.</subfield>
  </datafield>
  <datafield tag="260" ind1=" " ind2=" ">
    <subfield code="a">Boston :</subfield>
    <subfield code="b">McGraw-Hill,</subfield>
    <subfield code="c">2008.</subfield>
  </datafield>
  <datafield tag="300" ind1=" " ind2=" ">
    <subfield code="a">746 p. :</subfield>
    <subfield code="b">col. ill. ;</subfield>
    <subfield code="c">27 cm.</subfield>
  </datafield>
  <datafield tag="521" ind1=" " ind2=" ">
    <subfield code="a">BSBA</subfield>
  </datafield>
  <datafield tag="650" ind1=" " ind2=" ">
    <subfield code="a">BSBA books.</subfield>
  </datafield>
  <datafield tag="650" ind1=" " ind2=" ">
    <subfield code="a">Business research.</subfield>
  </datafield>
  <datafield tag="700" ind1=" " ind2=" ">
    <subfield code="a">Schindler, Pamela S.</subfield>
  </datafield>
  <datafield tag="942" ind1=" " ind2=" ">
    <subfield code="c">BK</subfield>
    <subfield code="2">lcc</subfield>
    <subfield code="k">FOR</subfield>
  </datafield>
  <datafield tag="999" ind1=" " ind2=" ">
    <subfield code="c">23157</subfield>
    <subfield code="d">23157</subfield>
  </datafield>
  <datafield tag="952" ind1=" " ind2=" ">
    <subfield code="0">0</subfield>
    <subfield code="1">0</subfield>
    <subfield code="2">lcc</subfield>
    <subfield code="4">0</subfield>
    <subfield code="a">CL</subfield>
    <subfield code="b">CL</subfield>
    <subfield code="c">GC</subfield>
    <subfield code="d">2009-11-27</subfield>
    <subfield code="e">C &amp; E Pub</subfield>
    <subfield code="l">0</subfield>
    <subfield code="o">HD 30.4 .C776 2008</subfield>
    <subfield code="p">C10789</subfield>
    <subfield code="r">2018-05-15 00:00:00</subfield>
    <subfield code="t">1</subfield>
    <subfield code="w">2013-10-18</subfield>
    <subfield code="y">BK</subfield>
  </datafield>
  <datafield tag="952" ind1=" " ind2=" ">
    <subfield code="0">0</subfield>
    <subfield code="1">0</subfield>
    <subfield code="2">lcc</subfield>
    <subfield code="4">0</subfield>
    <subfield code="a">A</subfield>
    <subfield code="b">A</subfield>
    <subfield code="c">NULL</subfield>
    <subfield code="d">2014-01-13</subfield>
    <subfield code="e">DONATION</subfield>
    <subfield code="l">1</subfield>
    <subfield code="o">HD 30.4 .C776 2008</subfield>
    <subfield code="p">C9982</subfield>
    <subfield code="r">2019-05-06 00:00:00</subfield>
    <subfield code="s">2019-05-02</subfield>
    <subfield code="t">2</subfield>
    <subfield code="w">2014-01-13</subfield>
    <subfield code="y">BK</subfield>
  </datafield>
</record>
